Statistics for Hvor er hovedstaden på landekortet?

Click here to take the quiz!

General Stats

  • This quiz has been taken 18 times
  • The average score is 9 of 15

Answer Stats

QuestionAnswer% Correct
Hvor er hovedstaden i Frankrig?
100%
Hvor er hovedstaden i Tyrkiet?
79%
Hvor er hovedstaden i Brasilien?
79%
Hvor er hovedstaden i Spanien?
79%
Hvor er hovedstaden i Tyskland?
71%
Hvor er hovedstaden i Det Forenede Kongerige?
71%
Hvor ligger Indiens hovedstad?
64%
Hvor er hovedstaden i Sverige?
64%
Hvor er hovedstaden i Canada?
57%
Hvor er hovedstaden i USA?
50%
Hvor er hovedstaden i Egypten?
50%
Hvor er hovedstaden i Japan?
50%
Hvor er hovedstaden i Australien?
43%
Hvor er hovedstaden i Kina?
43%
Hvor er hovedstaden i Marokko?
14%

Score Distribution

Percentile by Number Answered

Percent of People with Each Score

Your Score History

You have not taken this quiz